000 00529nam a22001577a 4500
999 _c535000
_d535000
020 _qHard Cover.
082 _a624.1
100 _aMuhammad Ali Aslam
245 _aRisk analysis of bridge construction projects in Pakistan /
_cMuhammad Ali Aslam.
260 _aIslamabad:
_bNIT NUST,
_c2012.
300 _a69 p. :
_bill. ;
_c30cm.
_e+CD
942 _2ddc
_cTHE
650 _aConstruction Engineering and Management MS-Thesis.
_917023
700 _aDr. Rafiq Muhammad
_929461